| 000 | 01061nam a22003131i 4500 | ||
|---|---|---|---|
| 005 | 20200708154448.0 | ||
| 008 | 200708s2018 ii e 00| f tam d | ||
| 020 |
_cRM 78.40 _qpaperback |
||
| 040 |
_aPPAK _beng _cPPAK _erda |
||
| 082 | 0 | 4 |
_223 _a894.811372 |
| 090 | 0 | 0 |
_a894.811372 _bUMA _dG |
| 100 | 0 |
_6880-01 _aUmaiyāḷ Āti _eauthor. |
|
| 242 |
_aMy life _yeng |
||
| 245 | 1 | 0 |
_6880-02 _aEntan̲ uyirē! entan̲ uyirē! / _cUmaiyāḷ Āti |
| 250 |
_6880-03 _aMutal patippu |
||
| 264 | 1 |
_aCennai, India : _bAruṇ Patippakam, _c2019 |
|
| 300 |
_a444 pages ; _c18 cm. |
||
| 336 |
_2rdacontent _atext |
||
| 337 |
_2rdamedia _aunmediated |
||
| 338 |
_2rdacarrier _avolume |
||
| 500 | _anovel. | ||
| 546 | _aIn Tamil. | ||
| 650 | 1 | 0 | _aTamil fiction |
| 655 | 0 | _aRomance fiction. | |
| 880 | 0 |
_6100-01 _aஉமையாள் ஆதி _eauthor. |
|
| 880 | 1 | 0 |
_6245-02 _aஎந்தன் உயிரே! எந்தன் உயிரே! / _cஉமையாள் ஆதி |
| 880 |
_6250-03 _aமுதல் பதிப்பு |
||
| 942 |
_2ddc _cB |
||
| 999 |
_c178077 _d178077 |
||